Sports Quiz

Random Sports or Football Quiz

SEC School Map Quiz Stats

 Plays Quiz Updated Oct 9, 2014

Also try: Big Ten School Map
Challenge
Share
Tweet
Score 0/14 Timer 02:00
17 Plays Today
% Correct
Florida
90%
LSU
88.6%
South Carolina
85.3%
Alabama
84.4%
Texas A&M
83.7%
Auburn
79.3%
Mississippi
78.8%
% Correct
Georgia
78.6%
Mississippi State
76.5%
Missouri
75.3%
Tennessee
74.9%
Arkansas
73.7%
Kentucky
73.6%
Vanderbilt
68.9%

You're not logged in!

Compare scores with friends on all Sporcle quizzes.
Join for Free
OR
Log In

You Might Also Like...

Show Comments

Extras

Top Quizzes Today


Score Distribution

Your Account Isn't Verified!

In order to create a playlist on Sporcle, you need to verify the email address you used during registration. Go to your Sporcle Settings to finish the process.

Report this User

Report this user for behavior that violates our Community Guidelines.

Details: